Interviewing young children about body touch and handling

Αποθηκεύτηκε σε:
Λεπτομέρειες βιβλιογραφικής εγγραφής
Κύριος συγγραφέας: Steward, Margaret S.
Άλλοι συγγραφείς: Steward, David S.
Μορφή: Βιβλίο
Γλώσσα:English
Δημοσίευση: Chicago, Illinois : Society for Research in Child Development, 1996
Σειρά:Monographs of the Society for Research in Child Development ; ; Serial no.248, Vol.61, nos 4-5
Θέματα:
Ετικέτες: Προσθήκη ετικέτας
Δεν υπάρχουν, Καταχωρήστε ετικέτα πρώτοι!

MARC

LEADER 00000nam a2200000 i 4500
001 1/87488
008 990727s1996 eng d
020 |a 0-226-77401-5 
035 |l 10052307 
040 |a GR-MY-UA  |b gre  |e aacr 
041 0 |a eng 
082 0 |a 618.92858223 
100 1 |a Steward, Margaret S. 
245 1 0 |a Interviewing young children about body touch and handling /  |c Margaret S. Steward, David S. Steward ; in collaboration with Lisa Farquhar ... [et al.] ; with commentary by Lucy S. McGough ... [et al.] and a reply by the authors 
260 |a Chicago, Illinois :   |b Society for Research in Child Development,   |c 1996 
300 |a 236 p. 
490 1 |a Monographs of the Society for Research in Child Developement  |v ; Serial no.248, Vol.61, nos 4-5  |x 0037-976X 
650 0 0 |a Touch in children. 
650 0 0 |a Memory in children. 
650 0 0 |a Perception in children. 
650 0 0 |a Emotions in children. 
650 0 0 |a Cognition in children. 
700 1 |a Steward, David S. 
830 0 |a Monographs of the Society for Research in Child Development ;  |v ; Serial no.248, Vol.61, nos 4-5  |x 0037-976X 
852 |a INST  |b RHODES  |e 19990727  |h 618.92858223 STE  |p 005400011804  |q 005400011804  |t BK  |y 0 
901 |a BIBL4-1999-2 
909 |a Ρ  |b 065950 
922 |a 4ΕΛΗ  |b 199904  |c ΚΠΣ/154  |d LEADER 
970 |z 1999/07/27  |a ΚΟΥΛΑΚΙΟΤΗ  |b ΛΙΤΣΑ